000 00953nam a2200313 4500
001 70075
010 _a9789897849251
021 _aPT
_b528952/24
090 _a70075
100 _a20240603d2023 m||y0pory50030103ba
101 0 _apor
102 _aPT
105 _ay z 000ay
106 _ar
200 1 _aRevolução
_fHugo Gonçalves
210 9 _aLisboa
_cCompanhia das Letras
_d2023
215 _a495, [6] p.
675 _a821.134.3-31"20"
_vBN
_zpor
700 _aGonçalves
_bHugo
_f1976-
_922532
801 0 _aPT
_bBN
_gRPC
942 _cMON
_n0